[Event "26.Off.Bayer.Senioren-EM 2014"]
[Site "Bergen"]
[Date "2014.06.28"]
[Round "8.18"]
[White "Leuschner, Guenter"]
[Black "Schroeder, Klaus"]
[Result "1/2-1/2"]
[WhiteElo "1755"]
[BlackElo "1680"]
[PlyCount "76"]
[EventDate "2014.??.??"]
[WhiteTeam "SK Nürnberg 1911 e.V."]
[BlackTeam "SC Karlsdorf"]

1. d4 c5 2. e3 d5 3. Nf3 e6 4. Be2 Bd6 5. b3 b6 6. Bb2 Nf6 7. Nbd2 Bb7 8. Ne5
O-O 9. O-O Nfd7 10. f4 f5 11. Ndf3 Nf6 12. Qe1 Bxe5 13. Nxe5 Nbd7 14. Ba3 Nxe5
15. fxe5 Ne4 16. Rc1 Rc8 17. c4 Rf7 18. Bd3 Rfc7 19. cxd5 Bxd5 20. Ba6 Bb7 21.
Bc4 Bd5 22. Ba6 Bb7 23. Bxb7 Rxb7 24. dxc5 Nxc5 25. Rd1 Rd7 26. Qe2 Ne4 27. Bb2
Rd2 28. Rxd2 Qxd2 29. Qxd2 Nxd2 30. Rd1 Rc2 31. Bc1 Ne4 32. a4 Nc5 33. Ba3 Ne4
34. h3 Rc7 35. Rd8+ Kf7 36. Rf8+ Kg6 37. Re8 Kf7 38. Rf8+ Kg6 1/2-1/2

[Event "26.Off.Bayer.Senioren-EM 2014"]
[Site "Bergen"]
[Date "2014.06.28"]
[Round "8.19"]
[White "Kaufmann, Helmut"]
[Black "Husser, Oskar"]
[Result "0-1"]
[WhiteElo "1742"]
[BlackElo "1620"]
[PlyCount "118"]
[EventDate "2014.??.??"]
[WhiteTeam "SK Eutingen"]
[BlackTeam "SC Caissa Falkensee e.V."]

1. d4 Nf6 2. e3 e6 3. Bd3 d5 4. Nd2 c5 5. c3 Nc6 6. Ngf3 c4 7. Bb1 Bd6 8. Qe2
b5 9. e4 dxe4 10. Nxe4 Nxe4 11. Bxe4 Qc7 12. d5 exd5 13. Bxd5+ Be6 14. Bxe6
fxe6 15. Qxe6+ Qe7 16. Qxe7+ Bxe7 17. Be3 O-O 18. O-O a6 19. Rfd1 Rfd8 20. Kf1
Bf6 21. Ke2 Kf7 22. Rd2 Rxd2+ 23. Nxd2 Ne5 24. Bd4 Nd3 25. Bxf6 gxf6 26. b3
Re8+ 27. Kf3 Ne1+ 28. Kg3 Re2 29. bxc4 Nd3 30. cxb5 Rxd2 31. bxa6 Nc5 32. a7
Rd8 33. Rb1 Ra8 34. Rb5 Ne4+ 35. Kf3 Ng5+ 36. Ke3 Rxa7 37. Rb2 Ke6 38. f4 Nf7
39. Kd4 Rd7+ 40. Ke3 Nd6 41. Kf3 Nc4 42. Rb4 Rd3+ 43. Ke4 Rxc3 44. Kd4 Rc2 45.
Rxc4 Rxa2 46. Rc6+ Kf5 47. Rc7 h5 48. Rh7 Kxf4 49. Rxh5 Rd2+ 50. Kc3 Rxg2 51.
Kd3 f5 52. Rh8 Kf3 53. Rh3+ Kf2 54. Rh5 f4 55. Rf5 Kf3 56. Rh5 Rg8 57. Rh3+ Kg2
58. Rh7 f3 59. Rf7 f2 0-1

[Event "26.Off.Bayer.Senioren-EM 2014"]
[Site "Bergen"]
[Date "2014.06.28"]
[Round "8.20"]
[White "Otto, Klaus"]
[Black "Worschech, Roland"]
[Result "1/2-1/2"]
[WhiteElo "1499"]
[BlackElo "1730"]
[PlyCount "33"]
[EventDate "2014.??.??"]
[WhiteTeam "Thüringer Schachverein Triebes"]
[BlackTeam "SK 1907 Kulmbach"]

1. e4 c5 2. Nf3 d6 3. d4 cxd4 4. Nxd4 Nc6 5. Nc3 Nf6 6. Be2 g6 7. Be3 Bg7 8. f3
O-O 9. Qd2 Bd7 10. g4 a6 11. h4 Qa5 12. Nb3 Qd8 13. h5 Rc8 14. hxg6 fxg6 15.
O-O-O Ne5 16. Nd5 Be8 17. Bh6 1/2-1/2

[Event "26.Off.Bayer.Senioren-EM 2014"]
[Site "Bergen"]
[Date "2014.06.28"]
[Round "8.21"]
[White "Kammel, Rudolf"]
[Black "Knollmueller, Peter"]
[Result "0-1"]
[WhiteElo "1613"]
[BlackElo "1815"]
[PlyCount "120"]
[EventDate "2014.??.??"]
[WhiteTeam "SC Bavaria Regensb.1881"]
[BlackTeam "SK Töging"]

1. e4 Nf6 2. Nc3 d5 3. exd5 Nxd5 4. Bb5+ c6 5. Be2 Bf5 6. Nf3 h6 7. O-O e6 8.
Nxd5 Qxd5 9. c4 Qd8 10. d4 Bd6 11. Bd2 Nd7 12. Bc3 Nf6 13. Nd2 O-O 14. Bf3 Qc7
15. g3 Rad8 16. Re1 Rfe8 17. Rc1 Be7 18. a3 Nh7 19. Be4 Bh3 20. Nf3 Nf6 21. Ne5
Nxe4 22. Rxe4 Bf5 23. Re3 f6 24. Nd3 e5 25. d5 cxd5 26. cxd5 Rxd5 27. Qb3 Qd7
28. f4 Kh8 29. Nf2 Bc5 30. Re2 Be6 31. Qc2 exf4 32. gxf4 Rd8 33. Rce1 Bf5 34.
Qb3 Bg6 35. Bb4 Rd3 36. Qe6 Qd4 37. Bxc5 Qxc5 38. Qe7 Qxe7 39. Rxe7 R3d7 40. b4
Kg8 41. Kg2 Kf8 42. R7e3 a6 43. Kg3 Re8 44. h3 Rxe3+ 45. Rxe3 Bf5 46. Kf3 Kf7
47. Kg3 h5 48. Rc3 g6 49. Rb3 Rd2 50. Rc3 h4+ 51. Kf3 Rd7 52. Ke3 Ke7 53. Rc5
Be6 54. Rc3 Bd5 55. Rd3 Bc6 56. Rc3 Ke6 57. Rc5 Rd5 58. Rc3 a5 59. Rc5 Rxc5 60.
bxc5 Kd5 0-1

[Event "26.Off.Bayer.Senioren-EM 2014"]
[Site "Bergen"]
[Date "2014.06.28"]
[Round "8.22"]
[White "Babichev, Vyacheslav"]
[Black "Hein, Manfred"]
[Result "0-1"]
[WhiteElo "1689"]
[BlackElo "1943"]
[PlyCount "76"]
[EventDate "2014.??.??"]
[WhiteTeam "SW Nürnberg Süd e.V."]
[BlackTeam "FC Gunzenhausen 1910 e.V"]

1. f4 d6 2. Nf3 Nc6 3. b3 e5 4. d3 exf4 5. Bxf4 Qf6 6. Bg5 Qxa1 7. a3 h6 8. c3
hxg5 9. Qc2 d5 10. b4 d4 11. Nfd2 dxc3 12. Nc4 Be6 13. e3 Bxc4 14. dxc4 Qb2 15.
Qe4+ Be7 16. Bd3 Nf6 17. Qf3 Ne5 18. Qd1 Rd8 19. Qa4+ b5 20. Qxb5+ Nfd7 21. Bf5
c2 22. Bxc2 Qxc2 23. O-O Qxc4 24. Qa4 O-O 25. Qxa7 c5 26. bxc5 Bxc5 27. Qa5 Ra8
28. Qe1 Bxa3 29. Qd1 Bc5 30. Re1 Ra1 31. Kf2 Qd3 32. Qc1 Ng4+ 33. Kf3 Nxe3 34.
Kg3 Nc2+ 35. Kg4 Nxe1 36. Qxe1 Rxb1 37. Qa5 Rb4+ 38. Kxg5 Qd5# 0-1

[Event "26.Off.Bayer.Senioren-EM 2014"]
[Site "Bergen"]
[Date "2014.06.28"]
[Round "8.23"]
[White "Klein, Klaus"]
[Black "Wolf, Reinhard"]
[Result "1/2-1/2"]
[WhiteElo "1809"]
[BlackElo "1731"]
[PlyCount "122"]
[EventDate "2014.??.??"]
[WhiteTeam "SF Heidelberg"]
[BlackTeam "SV Königsspringer 1929 Großauhei"]

1. e4 c5 2. Nf3 a6 3. c4 Nc6 4. d4 cxd4 5. Nxd4 e5 6. Nf5 d6 7. Ne3 Nf6 8. Nc3
Be7 9. Ned5 O-O 10. Nxe7+ Qxe7 11. Bg5 Be6 12. Qd2 h6 13. Bxf6 Qxf6 14. Bd3
Rac8 15. O-O Nd4 16. b3 Qg6 17. f3 f5 18. exf5 Bxf5 19. Bxf5 Rxf5 20. Kh1 Rcf8
21. Ne2 Nxe2 22. Qxe2 Qf7 23. Rad1 Qc7 24. Qe4 R5f6 25. Rf2 Qc6 26. Re2 Qxe4
27. Rxe4 Rc8 28. Kg1 Kf7 29. Re2 Ke7 30. Kf2 b6 31. Ke3 Ke6 32. Red2 Ke7 33.
Rd5 Rc5 34. a3 Kd7 35. g3 Kc6 36. Ke4 Rxd5 37. cxd5+ Kb7 38. Rc1 g6 39. Rc6 g5
40. Rc2 h5 41. Ke3 Rh6 42. Rc4 b5 43. Re4 Rg6 44. b4 Kc7 45. h4 Kd7 46. g4 gxh4
47. gxh5 Rh6 48. Rxh4 Ke7 49. Ke4 Kf6 50. f4 exf4 51. Kxf4 Rh7 52. h6 Kg6 53.
Kg4 Rc7 54. Kf3 Rc3+ 55. Ke2 Kh7 56. Re4 Rxa3 57. Re6 Rb3 58. Rxd6 Rxb4 59.
Rxa6 Rd4 60. d6 b4 61. Ke3 Rd1 1/2-1/2

[Event "26.Off.Bayer.Senioren-EM 2014"]
[Site "Bergen"]
[Date "2014.06.28"]
[Round "8.24"]
[White "Schindler, Jan"]
[Black "Willin, Bernhard"]
[Result "1/2-1/2"]
[WhiteElo "1637"]
[BlackElo "1807"]
[PlyCount "71"]
[EventDate "2014.??.??"]
[WhiteTeam "SC Anderssen Nürnberg 1929 e.V."]
[BlackTeam "SC Horben"]

1. Nf3 c5 2. c4 Nc6 3. Nc3 Nf6 4. d4 cxd4 5. Nxd4 g6 6. e4 d6 7. Be2 Bg7 8. Be3
O-O 9. O-O Bd7 10. h3 Rc8 11. Qd2 Nxd4 12. Bxd4 a6 13. Rac1 Bc6 14. Bf3 Re8 15.
Rfe1 Nd7 16. Bxg7 Kxg7 17. Bg4 Rb8 18. Qd4+ f6 19. Bxd7 Bxd7 20. Red1 Rc8 21.
Ne2 Qa5 22. a3 Be6 23. Nf4 Bf7 24. Nd5 Bxd5 25. cxd5 Qb5 26. b4 Qd7 27. Qb2
Rxc1 28. Rxc1 Rc8 29. Rc3 Kf7 30. Qc2 Rxc3 31. Qxc3 Ke8 32. Qe3 e6 33. f4 e5
34. Kf2 Kf7 35. fxe5 fxe5 36. g4 1/2-1/2

[Event "26.Off.Bayer.Senioren-EM 2014"]
[Site "Bergen"]
[Date "2014.06.28"]
[Round "8.25"]
[White "Jehn, Detlef"]
[Black "Zschorsch, Peter"]
[Result "0-1"]
[WhiteElo "1449"]
[BlackElo "1788"]
[PlyCount "110"]
[EventDate "2014.??.??"]
[WhiteTeam "SF Bad Reichenhall"]
[BlackTeam "Karlsruher SF 1853"]

1. e4 c5 2. Bc4 e6 3. Nf3 Nc6 4. O-O Na5 5. Be2 Ne7 6. d4 cxd4 7. Nxd4 a6 8. c3
g6 9. b4 Nac6 10. Be3 Bg7 11. Nxc6 bxc6 12. Qd6 O-O 13. a4 Re8 14. a5 c5 15.
Bxc5 Nc6 16. Ra3 Bf8 17. Qg3 Bxc5 18. bxc5 Nxa5 19. Qd6 Nb7 20. Qd4 Qc7 21.
Rxa6 Rxa6 22. Bxa6 Nxc5 23. Bb5 e5 24. Qe3 Bb7 25. Nd2 Ra8 26. c4 Ra2 27. f3
Qd6 28. Rf2 Nd3 29. Re2 Bc8 30. Nf1 Rxe2 31. Qxe2 Nf4 32. Qe3 Ne6 33. g3 Nd4
34. Kg2 Qb4 35. Qd2 Qb3 36. Ne3 Kg7 37. f4 Nxb5 38. cxb5 Qxb5 39. f5 f6 40.
fxg6 hxg6 41. Ng4 g5 42. Qd6 Qe2+ 43. Nf2 Qh5 44. g4 Qf7 45. Qd5 Qxd5 46. exd5
Bb7 47. Kf3 Bxd5+ 48. Ne4 Kf7 49. Ke3 Bxe4 50. Kxe4 Ke6 51. Ke3 Kd5 52. h3 e4
53. h4 gxh4 54. Kf4 h3 55. Kg3 e3 0-1

[Event "26.Off.Bayer.Senioren-EM 2014"]
[Site "Bergen"]
[Date "2014.06.28"]
[Round "8.26"]
[White "Hansch, Klaus-Michael"]
[Black "Klimpel, Siegfried"]
[Result "1/2-1/2"]
[WhiteElo "1766"]
[BlackElo "1662"]
[PlyCount "118"]
[EventDate "2014.??.??"]
[WhiteTeam "SC Weisse Dame e.V."]
[BlackTeam "TSV Kareth-Lappersdorf"]

1. d4 d5 2. Nc3 Nf6 3. Bg5 Nbd7 4. f3 c5 5. e4 cxd4 6. Qxd4 e5 7. Qa4 d4 8. Nd5
h6 9. Bxf6 gxf6 10. Bb5 a6 11. Ne2 Bg7 12. Ng3 O-O 13. O-O Nb6 14. Nxb6 Qxb6
15. Bd7 Rd8 16. Bxc8 Raxc8 17. Kh1 Qe6 18. Rfc1 Rc4 19. Qa5 Rdc8 20. Qd2 Kh7
21. Nf5 Bf8 22. Qd3 Qc6 23. Qb3 Rc7 24. c3 dxc3 25. bxc3 Rxc3 26. Rxc3 Qxc3 27.
Qd1 Ba3 28. h3 Qxa1 29. Qxa1 Rc1+ 30. Qxc1 Bxc1 31. Nd6 b5 32. Nxf7 Ba3 33. Nd8
a5 34. Nc6 a4 35. Kg1 Bc5+ 36. Kf1 b4 37. Na5 b3 38. axb3 a3 39. b4 a2 40. Nb3
Bd4 41. Ke2 a1=Q 42. Nxa1 Bxa1 43. g3 Bd4 44. f4 Kg6 45. Kd3 Kf7 46. Kc4 Bf2
47. f5 Bxg3 48. Kd5 Ke7 49. Kc6 Be1 50. b5 Bb4 51. Kc7 h5 52. b6 h4 53. b7 Bd6+
54. Kc8 Ke8 55. b8=Q Bxb8 56. Kxb8 Kd8 57. Kb7 Kd7 58. Kb6 Kd6 59. Kb5 Kd7
1/2-1/2

[Event "26.Off.Bayer.Senioren-EM 2014"]
[Site "Bergen"]
[Date "2014.06.28"]
[Round "8.27"]
[White "Kolkwitz, Klaus"]
[Black "Niedermaier, Peter"]
[Result "0-1"]
[WhiteElo "1784"]
[BlackElo "1684"]
[PlyCount "74"]
[EventDate "2014.??.??"]
[WhiteTeam "ESV 1949 Eberswalde e.V."]
[BlackTeam "SU Ebersberg-Grafing"]

1. d4 Nf6 2. Bf4 g6 3. e3 Bg7 4. Nd2 d5 5. Ngf3 c5 6. c3 cxd4 7. exd4 O-O 8.
Bd3 Nc6 9. h3 a6 10. O-O Re8 11. Ne5 Nd7 12. Nxc6 bxc6 13. Nf3 c5 14. Bc2 cxd4
15. cxd4 Qb6 16. Bb3 e6 17. Rc1 Ra7 18. Re1 Nf6 19. Qc2 Bd7 20. Ne5 Bb5 21. a4
Bd7 22. Qc5 Qb7 23. Qa3 Raa8 24. Nxd7 Qxd7 25. Rc7 Qd8 26. Rec1 Ne4 27. Be3 Nd6
28. Qc5 Rb8 29. Qc2 Nf5 30. Qd3 Bxd4 31. Bxd4 Nxd4 32. Qxd4 Rxb3 33. Qa7 Qf6
34. R1c3 Rxb2 35. Rc8 Rb1+ 36. Kh2 Qe5+ 37. Rg3 Rxc8 0-1

[Event "26.Off.Bayer.Senioren-EM 2014"]
[Site "Bergen"]
[Date "2014.06.28"]
[Round "8.28"]
[White "Oser, Thor"]
[Black "Braeu, Ludwig"]
[Result "1-0"]
[WhiteElo "1622"]
[BlackElo "1759"]
[PlyCount "107"]
[EventDate "2014.??.??"]
[WhiteTeam "SK 1929 Jöhlingen"]
[BlackTeam "SK Marktoberdorf"]

1. e4 c5 2. g3 d5 3. Nc3 d4 4. Nce2 e5 5. Bg2 Nf6 6. h3 Be7 7. d3 Nc6 8. Bd2
O-O 9. g4 Bd7 10. Ng3 b5 11. Nf5 c4 12. Nxe7+ Qxe7 13. Ne2 Rfd8 14. O-O a5 15.
Ng3 Be6 16. f4 cxd3 17. cxd3 Nb4 18. f5 Bd7 19. g5 Ne8 20. f6 Qf8 21. fxg7 Nxg7
22. Nf5 Be6 23. Nh6+ Kh8 24. Be1 Rac8 25. Rf2 Rc7 26. a3 Nc6 27. Rc1 Rdc8 28.
Rfc2 Qe7 29. h4 Bb3 30. Bh3 Bxc2 31. Rxc2 Ne6 32. Nf5 Qf8 33. Nh6 b4 34. Rf2
Ncd8 35. Qh5 Nf4 36. Qf3 Nxh3+ 37. Qxh3 Rc2 38. Rf6 R8c7 39. Qf5 Qe8 40. Bg3
R2c5 41. Ng4 Rc1+ 42. Kh2 R7c2+ 43. Kh3 Rh1+ 44. Nh2 bxa3 45. bxa3 Kg8 46. Rh6
Qb5 47. Qxh7+ Kf8 48. Qh8+ Ke7 49. Qf6+ Kd7 50. Rh8 Qxd3 51. Rxd8+ Kc7 52. Qe7+
Kb6 53. Rb8+ Ka6 54. Qb7# 1-0

[Event "26.Off.Bayer.Senioren-EM 2014"]
[Site "Bergen"]
[Date "2014.06.28"]
[Round "8.29"]
[White "Flockerzi, Armin"]
[Black "Perzl, Michael"]
[Result "0-1"]
[WhiteElo "1565"]
[BlackElo "1754"]
[PlyCount "86"]
[EventDate "2014.??.??"]
[WhiteTeam "VfR-SC Koblenz"]
[BlackTeam "TSV Trostberg"]

1. Nf3 d5 2. d4 e6 3. g3 c5 4. c3 Nc6 5. Bg2 cxd4 6. Nxd4 Qb6 7. e3 Nf6 8. O-O
Be7 9. Qc2 Bd7 10. a3 Rc8 11. Nd2 Nxd4 12. exd4 Qxd4 13. Qxh7 Qxf2+ 14. Rxf2
Rxh7 15. Nf1 Ng4 16. Rf3 Bc5+ 17. Kh1 Nf2+ 18. Kg1 Ng4+ 19. Kh1 Ke7 20. h3 Ne5
21. Be3 Nxf3 22. Bxc5+ Rxc5 23. Bxf3 Rxh3+ 24. Kg2 Rh6 25. Ne3 Rc7 26. Rd1 f6
27. Rd4 Bc6 28. Rd2 Rd7 29. Kg1 Rh8 30. Nc2 b6 31. Nd4 Ba8 32. Re2 e5 33. Nf5+
Kf7 34. Rd2 g6 35. Ne3 Ke6 36. g4 d4 37. Bxa8 Rxa8 38. cxd4 Rxd4 39. Re2 Rad8
40. Kf2 Rd2 41. Nc4 Rxe2+ 42. Kxe2 f5 43. gxf5+ gxf5 0-1

[Event "26.Off.Bayer.Senioren-EM 2014"]
[Site "Bergen"]
[Date "2014.06.28"]
[Round "8.30"]
[White "Weyand, Fernand"]
[Black "Zehfuss, Helmut"]
[Result "1-0"]
[WhiteElo "1587"]
[BlackElo "1710"]
[PlyCount "99"]
[EventDate "2014.??.??"]
[WhiteTeam "SVG Saarbrücken 1970 e.V."]
[BlackTeam "SG Traunstein/Traunreut e.V."]

1. e4 c5 2. Nc3 d6 3. Bb5+ Bd7 4. Bxd7+ Qxd7 5. f4 Nc6 6. Nf3 g6 7. O-O Bg7 8.
d3 e6 9. Be3 Nge7 10. Qd2 b6 11. d4 cxd4 12. Nxd4 O-O 13. Rad1 Rfd8 14. h3 Qb7
15. Qe2 d5 16. exd5 Nxd5 17. Nxd5 Nxd4 18. Bxd4 Qxd5 19. Bxg7 Qc5+ 20. Kh2 Kxg7
21. Rf3 Qc7 22. g3 Rxd1 23. Qxd1 Rd8 24. Rd3 Rxd3 25. Qxd3 Qc5 26. Kg2 Kf6 27.
c3 Ke7 28. Qe4 Kd6 29. Qb7 Qd5+ 30. Qxd5+ Kxd5 31. Kf3 a5 32. Ke3 Kc4 33. Ke4
f6 34. g4 a4 35. g5 fxg5 36. fxg5 a3 37. bxa3 Kxc3 38. Ke5 Kb2 39. Kxe6 Kxa2
40. Kd6 b5 41. Kc5 Kxa3 42. Kxb5 Kb3 43. Kc5 Kc3 44. Kd5 Kd3 45. Ke5 Ke3 46.
Kf6 Kf3 47. Kg7 Kf4 48. Kf6 Kg3 49. Kg7 Kf4 50. h4 1-0

[Event "26.Off.Bayer.Senioren-EM 2014"]
[Site "Bergen"]
[Date "2014.06.28"]
[Round "8.31"]
[White "Alefs, Willi"]
[Black "Hermann, Josef"]
[Result "1/2-1/2"]
[WhiteElo "1533"]
[BlackElo "1687"]
[PlyCount "103"]
[EventDate "2014.??.??"]
[WhiteTeam "SC Fuldatal"]
[BlackTeam "TSV Trostberg"]

1. c4 e6 2. Nc3 Nf6 3. d4 d5 4. e3 b6 5. Nf3 Bb7 6. cxd5 Nxd5 7. Be2 Be7 8. O-O
O-O 9. Ne5 Nd7 10. Bd3 Bd6 11. f4 c5 12. Nb5 Bb8 13. Qh5 N5f6 14. Qe2 a6 15.
Nc3 b5 16. b3 Ba7 17. dxc5 Bxc5 18. Bb2 Qb6 19. Nxd7 Nxd7 20. Nd1 Rfd8 21. Kh1
Nf8 22. f5 Qc6 23. Bc2 Rd7 24. Rf3 Rad8 25. Rg3 g6 26. fxg6 fxg6 27. Bc3 b4 28.
Be1 Bd6 29. Rg4 Be5 30. Rc1 Qd6 31. h4 h5 32. Bxb4 Qb6 33. Rg5 Bf6 34. Bc5 Qb5
35. Qxb5 axb5 36. Rg3 Bxh4 37. Rh3 Rd2 38. Rxh4 Rxg2 39. Be4 Bxe4 40. Rxe4 Rxa2
41. Bxf8 Kxf8 42. Rxe6 Kf7 43. Re4 g5 44. Nc3 Rb2 45. Nxb5 Rdd2 46. Nd4 Rh2+
47. Kg1 Rbg2+ 48. Kf1 Rf2+ 49. Ke1 Rb2 50. Rc7+ Kf8 51. Rc8+ Kf7 52. Rc7+
1/2-1/2

[Event "26.Off.Bayer.Senioren-EM 2014"]
[Site "Bergen"]
[Date "2014.06.28"]
[Round "8.32"]
[White "Garms, Ilse"]
[Black "Mehlhorn, Dieter"]
[Result "1/2-1/2"]
[WhiteElo "1532"]
[BlackElo "1656"]
[PlyCount "93"]
[EventDate "2014.??.??"]
[WhiteTeam "ESV 1949 Eberswalde e.V."]
[BlackTeam "Post-SV Crimmitschau"]

1. d4 d5 2. Bf4 e6 3. Nf3 Bd6 4. Bg3 Nf6 5. e3 c6 6. Nbd2 Qc7 7. Bxd6 Qxd6 8.
Bd3 Nbd7 9. O-O O-O 10. Re1 e5 11. e4 dxe4 12. Nxe4 Nxe4 13. Rxe4 exd4 14. Rxd4
Qf6 15. c3 Nc5 16. Bc2 Be6 17. Qd2 Rfd8 18. b4 Na6 19. a3 Nc7 20. Rd1 Rxd4 21.
Nxd4 Rd8 22. Bd3 a6 23. Qc2 g6 24. Ne2 Bg4 25. f3 Be6 26. Ng3 Nd5 27. Be4 Ne3
28. Rxd8+ Qxd8 29. Qd3 Qxd3 30. Bxd3 Nd5 31. Ne2 Nb6 32. Kf2 Kf8 33. Ke3 Ke7
34. Kd4 Kd6 35. c4 Nd7 36. c5+ Ke7 37. Nc3 f5 38. h3 Kf6 39. f4 h6 40. a4 Bb3
41. b5 Nf8 42. bxa6 bxa6 43. Bxa6 Ne6+ 44. Ke3 Nxc5 45. Bc8 Nxa4 46. Kd4 h5 47.
h4 1/2-1/2

[Event "26.Off.Bayer.Senioren-EM 2014"]
[Site "Bergen"]
[Date "2014.06.28"]
[Round "8.33"]
[White "Moderegger, Ludwig"]
[Black "Alefs, Heinz"]
[Result "1-0"]
[WhiteElo "1528"]
[BlackElo "1627"]
[PlyCount "83"]
[EventDate "2014.??.??"]
[WhiteTeam "SF Bad Reichenhall"]
[BlackTeam "SC Eichenau"]

1. d4 f5 2. c4 g6 3. Nc3 Bg7 4. Nf3 d6 5. Qc2 Nf6 6. Bf4 O-O 7. Rd1 Bd7 8. e3
Qe8 9. Be2 a5 10. O-O Na6 11. a3 c6 12. Qb3 Qc8 13. Rd2 c5 14. Rfd1 h6 15. h3
Rb8 16. Qc2 Qe8 17. e4 g5 18. Bh2 g4 19. hxg4 fxg4 20. Nh4 Nh5 21. e5 Qf7 22.
Bd3 Rfd8 23. Bg6 Qxc4 24. Bxh5 Qe6 25. Qg6 cxd4 26. Qxe6+ Bxe6 27. Rxd4 Bb3 28.
R1d2 Rf8 29. Rxg4 Kh7 30. exd6 e5 31. Bg6+ Kh8 32. Be4 Be6 33. Ng6+ Kg8 34.
Ne7+ Kf7 35. Bd5 Bf6 36. Bxe6+ Kxe6 37. Ne4 Bxe7 38. dxe7 Rfc8 39. Bg3 Rc1+ 40.
Kh2 Re1 41. f3 Kxe7 42. Bxe1 1-0

[Event "26.Off.Bayer.Senioren-EM 2014"]
[Site "Bergen"]
[Date "2014.06.28"]
[Round "8.34"]
[White "Lueders, Guenter"]
[Black "Siegl, Wolfgang"]
[Result "1-0"]
[WhiteElo "1659"]
[BlackElo "1522"]
[PlyCount "71"]
[EventDate "2014.??.??"]
[WhiteTeam "TSV 1883 Benshausen"]
[BlackTeam "SK 1926 Nördlingen-Ries"]

1. d4 g6 2. Nf3 Bg7 3. Bf4 c5 4. c3 cxd4 5. cxd4 Nc6 6. e3 d5 7. Qb3 Nf6 8.
Nbd2 O-O 9. h3 Re8 10. Bd3 a5 11. Bb5 Bd7 12. O-O Nb4 13. Bxd7 Nxd7 14. a3 Na6
15. Qxd5 b6 16. Rac1 e6 17. Qb5 e5 18. dxe5 Nc7 19. Qd3 Ne6 20. Bg3 Qe7 21.
Rfd1 Rad8 22. Qb5 Nec5 23. Bh4 f6 24. exf6 Bxf6 25. Bxf6 Qxf6 26. Nc4 h6 27.
Rd6 Re6 28. Rcd1 Qe7 29. Rxe6 Qxe6 30. Rd6 Qf5 31. Nxb6 Rb8 32. Qc4+ Kg7 33.
Nxd7 Nxd7 34. Qd4+ Nf6 35. Qa7+ Nd7 36. Rxd7+ 1-0

[Event "26.Off.Bayer.Senioren-EM 2014"]
[Site "Bergen"]
[Date "2014.06.28"]
[Round "8.35"]
[White "Schoenfelder, Heinrich"]
[Black "Sandner, Josef"]
[Result "0-1"]
[WhiteElo "1692"]
[BlackElo "1461"]
[PlyCount "114"]
[EventDate "2014.??.??"]
[WhiteTeam "SC Tarrasch 45 München"]
[BlackTeam "SG Traunstein/Traunreut e.V."]

1. d4 d5 2. Nf3 e6 3. c4 f5 4. Nc3 c6 5. e3 Bd6 6. Bd3 Nf6 7. O-O Ne4 8. Ne2
Qf6 9. c5 Bc7 10. b4 g5 11. g3 h5 12. Kg2 h4 13. Ne5 Bxe5 14. dxe5 Qxe5 15. Rb1
Qc7 16. f3 Nf6 17. Bb2 Rh6 18. Bxf6 Rxf6 19. f4 Rg6 20. Qc1 hxg3 21. hxg3 Nd7
22. Qc3 gxf4 23. exf4 Nf6 24. Rh1 Qg7 25. Rh3 Bd7 26. Qe5 O-O-O 27. Rbh1 Rg8
28. Kf3 Ne4 29. Qxg7 R6xg7 30. Rh8 Kc7 31. Rxg8 Rxg8 32. Rh7 b6 33. cxb6+ axb6
34. Rh1 c5 35. bxc5 bxc5 36. a3 c4 37. Bxe4 fxe4+ 38. Ke3 Rb8 39. Nd4 Rb2 40.
Ra1 Rg2 41. Ne2 Ba4 42. Rc1 Kd6 43. Rg1 Rxg1 44. Nxg1 c3 45. Ne2 c2 46. g4 Bb5
47. Nc1 Bc6 48. g5 d4+ 49. Ke2 d3+ 50. Ke3 Ke7 51. Nb3 Bd5 52. Nc1 Bc6 53. Nb3
Kf7 54. Nc1 Bd7 55. g6+ Kxg6 56. Kd2 Kf5 57. a4 e3+ 0-1

[Event "26.Off.Bayer.Senioren-EM 2014"]
[Site "Bergen"]
[Date "2014.06.28"]
[Round "8.36"]
[White "Stephan, Hubert"]
[Black "Wolfram, Gisbert"]
[Result "1-0"]
[WhiteElo "1540"]
[BlackElo "1637"]
[PlyCount "119"]
[EventDate "2014.??.??"]
[WhiteTeam "SC Prien"]
[BlackTeam "SU Ebersberg-Grafing"]

1. e4 c5 2. Bc4 Nc6 3. Nf3 e6 4. c3 d5 5. exd5 exd5 6. Bb3 Nf6 7. h3 Be6 8. O-O
Be7 9. d4 O-O 10. Re1 Rc8 11. Be3 Qb6 12. dxc5 Bxc5 13. Bxc5 Qxc5 14. Nd4 Nxd4
15. cxd4 Qb6 16. Nc3 Rfd8 17. Re5 a6 18. Na4 Qd6 19. Nc3 Re8 20. Qf3 Rcd8 21.
Rd1 Nd7 22. Re2 Nf6 23. Qd3 Bd7 24. Rde1 Rxe2 25. Rxe2 Re8 26. Rxe8+ Bxe8 27.
Qf3 Bc6 28. g4 h6 29. h4 Qe6 30. g5 hxg5 31. hxg5 Ne4 32. Nxe4 Qxe4 33. Qxe4
dxe4 34. Kf1 Kf8 35. Ke2 f5 36. gxf6 gxf6 37. Ke3 f5 38. Kf4 Bd7 39. Ke5 Ke7
40. a4 a5 41. d5 b6 42. Bc2 Bc8 43. Bd1 Bd7 44. b3 b5 45. axb5 Bxb5 46. Kxf5
Bd3 47. Ke5 Bb1 48. d6+ Kd8 49. Kd5 Bd3 50. Bg4 Bc2 51. Kc4 Bd3+ 52. Kc5 Bc2
53. Be6 Bd3 54. Kb6 Bc2 55. Kxa5 Bxb3 56. Bxb3 Kd7 57. Bc2 e3 58. fxe3 Kxd6 59.
Kb4 Ke5 60. Kc4 1-0

[Event "26.Off.Bayer.Senioren-EM 2014"]
[Site "Bergen"]
[Date "2014.06.28"]
[Round "8.37"]
[White "Schuster, Herbert"]
[Black "Hartlaub, Marianne"]
[Result "1-0"]
[WhiteElo "1615"]
[BlackElo "1348"]
[PlyCount "89"]
[EventDate "2014.??.??"]
[WhiteTeam "SK Landshut"]
[BlackTeam "SK 1982 Klingenberg e.V."]

1. Nf3 d6 2. g3 e5 3. Bg2 Nf6 4. d3 c6 5. Bg5 Be7 6. Bxf6 Bxf6 7. e4 Bg4 8.
Nbd2 O-O 9. h3 Bxf3 10. Nxf3 Qa5+ 11. c3 Nd7 12. O-O h6 13. Qc2 Qb6 14. Rad1
Rad8 15. Nh2 Nc5 16. b4 Ne6 17. a4 a6 18. Ng4 Be7 19. a5 Qc7 20. h4 f5 21. exf5
Rxf5 22. Be4 Rh5 23. Bg6 Rxh4 24. gxh4 Bxh4 25. Qb3 Qe7 26. Bf5 d5 27. Bxe6+
Qxe6 28. f3 h5 29. Nh2 Rf8 30. Qc2 Rf5 31. Rd2 Bg3 32. Rg2 h4 33. Qe2 Qf6 34.
Kh1 Bxh2 35. Rxh2 g5 36. Qg2 Kf7 37. Qg4 Rf4 38. Qd7+ Kg6 39. Qe8+ Kh6 40. Kg2
e4 41. dxe4 dxe4 42. Rh3 Qxc3 43. Qe6+ Rf6 44. Qxe4 Rf4 45. Qe6+ 1-0

[Event "26.Off.Bayer.Senioren-EM 2014"]
[Site "Bergen"]
[Date "2014.06.28"]
[Round "8.38"]
[White "Rudek, Gerald"]
[Black "Janzen, Christian"]
[Result "1-0"]
[WhiteElo "1394"]
[BlackElo "1579"]
[PlyCount "115"]
[EventDate "2014.??.??"]
[WhiteTeam "SC Feuchtwangen 1911 e.V."]
[BlackTeam "TSV Marienfelde 1890 e.V."]

1. f4 b6 2. Nf3 Bb7 3. e3 Nf6 4. d3 g6 5. Be2 Bg7 6. e4 d6 7. c3 O-O 8. Na3 Re8
9. O-O c5 10. Nc2 Nc6 11. h3 e5 12. Qe1 Nh5 13. Nh2 Nxf4 14. Bxf4 exf4 15. Rxf4
Bc8 16. Ng4 h5 17. Nge3 Bh6 18. Rf1 Qg5 19. h4 Qe5 20. Nd5 Rb8 21. Nf6+ Kf8 22.
Nxe8 Kxe8 23. Qf2 Rb7 24. Qf6 Bg7 25. Qxe5+ Bxe5 26. Kf2 f5 27. exf5 Bxf5 28.
Ne3 Be6 29. g3 Ne7 30. Kg2 d5 31. Bf3 Rd7 32. Rad1 d4 33. Nc4 Bxc4 34. dxc4
dxc3 35. Rxd7 Kxd7 36. bxc3 Bxc3 37. Rd1+ Bd4 38. g4 hxg4 39. Bxg4+ Kd6 40. Re1
Be5 41. h5 gxh5 42. Bxh5 Nf5 43. Bd1 Nd4 44. Rh1 Nf5 45. Kf3 Bd4 46. Kf4 Ne7
47. Rh6+ Kc7 48. Ke4 Bb2 49. Bf3 Nc6 50. Bd1 Nd4 51. Kd5 Kb7 52. Ba4 Bc3 53.
Bb5 Nf5 54. Rh7+ Ng7 55. Kd6 Bf6 56. Bc6+ Kc8 57. Rh8+ Bd8 58. Bd7+ 1-0

[Event "26.Off.Bayer.Senioren-EM 2014"]
[Site "Bergen"]
[Date "2014.06.28"]
[Round "8.39"]
[White "Malik, Heinz"]
[Black "Steffl, Herbert"]
[Result "1-0"]
[WhiteElo "1568"]
[BlackElo "1512"]
[PlyCount "39"]
[EventDate "2014.??.??"]
[WhiteTeam "SK Großweil"]
[BlackTeam "ASV J'Adoube Grassau SAB"]

1. d4 e6 2. c4 d5 3. Nc3 Nf6 4. Nf3 Be7 5. Bg5 Nbd7 6. e3 O-O 7. Bd3 h6 8. Bh4
dxc4 9. Bxc4 a6 10. a4 b6 11. O-O Bb7 12. Qe2 c5 13. Rfd1 Qc8 14. d5 Nxd5 15.
Nxd5 Bxh4 16. Nxh4 exd5 17. Bxd5 Rd8 18. Nf5 Kh7 19. Nd6 Qc7 20. Bxb7 1-0

[Event "26.Off.Bayer.Senioren-EM 2014"]
[Site "Bergen"]
[Date "2014.06.28"]
[Round "8.41"]
[White "Jagdhuber, Hans"]
[Black "Fischer, Gerd"]
[Result "1/2-1/2"]
[WhiteElo "1876"]
[BlackElo "2008"]
[PlyCount "27"]
[EventDate "2014.??.??"]
[WhiteTeam "SK Keres-Augsburg 1980"]
[BlackTeam "FC Gunzenhausen 1910 e.V"]

1. Nf3 Nf6 2. c4 e6 3. g3 b6 4. Bg2 Bb7 5. O-O d6 6. Nc3 Nbd7 7. d4 Be7 8. Qc2
O-O 9. e4 h6 10. b3 Nh7 11. d5 e5 12. Be3 Kh8 13. b4 Ndf6 14. h3 1/2-1/2